New Password B2+/C1 - unit 2 wordlist - Statystyki

Ogólne statystyki
  • Ten quiz został rozwiązany 233 razy
  • Średni wynik to 68 z 161
Statystyki odpowiedzi
PL EN % Poprawnych
mistrz, czempion champion
84%
prowadzić be in the lead
79%
być w świetnej formie be in great form
72%
mieć dobrą passę be on a winning streak
70%
nadgonić catch up
70%
mieć złą passę be on a losing streak
69%
zakończyć się remisem end in a draw
66%
porażka failure
65%
z rzędu in a row
65%
wynik; zdobyć punkt score
64%
lodowisko ice rink
63%
zwycięstwo victory
63%
okrążenie lap
60%
być godnym przeciwnikiem dla kogoś be an equal match for sb
59%
robić rozgrzewkę warm up
59%
do góry nogami upside down
58%
zawodnik competitor
57%
brać udział w take part in
57%
niepokonany undefeated
57%
iść łeb w łeb z kimś be neck and neck with sb
56%
drogi expensive
56%
pozostawać w tyle fall behind
56%
legalny legal
56%
walka do końca fight to the finish
55%
nielegalny illegal
55%
tolerancyjny tolerant
55%
skrzydło wing
55%
szantażować blackmail
53%
wygodny comfortable
53%
łyżwiarz figurowy figure-skater
53%
logiczny logical
53%
pominąć skip
53%
komitet committee
52%
nurkować dive
52%
ponieść porażkę suffer a loss
52%
mieć dożywotni zakaz be banned for life
51%
nietolerancyjny intolerant
51%
wahania nastroju mood swings
51%
niewygodny uncomfortable
51%
lekka atletyka (UK) | sport (US) athletics
50%
siatka net
50%
osobisty personal
50%
strzelać shoot
50%
przyjąć się catch on
49%
odkrycie discovery
49%
od początku do końca from start to finish
49%
niedrogi inexpensive
49%
gra zakończona remisem tie game
49%
bekhend backhand
48%
odpaść z drop out of
47%
przygotowany prepared
47%
rakieta racket
47%
prezent urodzinowy birthday treat
45%
przestać coś robić give up
45%
nielogiczny illogical
45%
boisko pitch
45%
obiecujący promising
45%
slalom slalom
45%
obrońca defender
44%
zainteresować się czymś get into
44%
błędnie mistakenly
44%
siła strength
44%
przyznać się do łapówkarstwa admit to bribery
43%
rzucić się w wir jump in
43%
szanowany respected
43%
nieprzygotowany unprepared
43%
ochłonąć cool down
42%
ulotka flyer
42%
zafascynowany hooked
42%
serwis serve
42%
odnoszący sukcesy successful
42%
zacząć, zainteresować się take up
42%
powołać draft
41%
pełen szacunku respectful
41%
dający dużo satysfakcji satisfying
41%
stok slope
41%
przyswoić informację take in the news
41%
opisywanie osiągnięć sportowych describing levels of performance
40%
kozłować, dryblować dribble
40%
czuć się pominiętym feel left out
40%
główka header
40%
utrzymywać formę keep in shape
40%
tor lane
40%
rzut karny penalty
40%
zajęcie pursuit
40%
rozciągać mięśnie stretch out muscles
40%
zostać pozbawionym wszystkich medali be stripped of all the medals
38%
niedowierzanie disbelief
38%
umożliwiać enable
38%
nieosobowy impersonal
38%
przestać stosować doping quit taking drugs
38%
wyrzeźbiony sculpted
38%
zostać czasowo zawieszonym w zawodach be suspended from further races
37%
bez pracy nie ma kołaczy no pain no gain
37%
usatysfakcjonowany satisfied
37%
żądny przygód adventurous
36%
o tym samym imieniu by the same name
36%
zasłabnąć collapse
36%
przyznać się come clean
36%
ujawnić disclose
36%
nieszanowany disrespected
36%
typowy zestaw ćwiczeń exercise routine
36%
przesadzić overdo
36%
spisać (na komputerze) type up
36%
niedający satysfakcji unsatisfying
36%
wydział na uczelni faculty
35%
nieprawidłowości irregularities
35%
stracić panowanie nad sobą lose one's temper
35%
wsad slam dunk
35%
tablica w koszykówce backboard
34%
wyczynowy competitive
34%
lekceważący disrespectful
34%
znaczyć tyle co nic mean next to nothing
34%
satysfakcjonujący satisfactory
34%
poczucie własnej wartości self-esteem
34%
nieudany unsuccessful
34%
zarezerwowany w całości booked up
33%
wymagający demanding
33%
prezentować display
33%
choroba serca heart condition
33%
legalny lawful
33%
podjąć wysiłek make an effort
33%
kijki narciarskie poles
33%
zebrać put together
33%
wymienialny replaceable
33%
niezaspokojony unsatisfied
33%
tuszować fakty; ukrywać prawdę cover up
31%
dietetyk dietitian
31%
nieuczciwość w sporcie dishonesty in sports
31%
zjazd downhill
31%
demaskować expose
31%
nawrót w pływaniu flip turn
31%
niewiarygodny incredible
31%
niezastąpiony irreplaceable
31%
przeprowadzać kontrolę czegoś run checks on sth
31%
być do niczego suck
31%
nielegalny unlawful
31%
niezadowalający unsatisfactory
31%
przydzielć assign
30%
styl grzbietowy backstroke
30%
wzrastać be on the increase
30%
doprowadzać ciało do kresu wytrzymałości push your body to the limit
30%
poczęstunek refreshments
30%
popisywać się umiejętnościami show off your skills
30%
sięgnąć po środki dopingowe turn to performance-enhancing drugs
30%
przechodzić badania lekarskie undergo medical tests
30%
poprawić swoje wyniki sportowe boost your athletic performance
29%
niezadowolony dissatisfied
29%
przynosić więcej szkody niż pożytku do more harm than good
29%
pokonywać przeszkody overcome obstacles
29%
stanowić zagrożenie pose a danger
29%
niekonkurencyjny uncompetitive
29%
plan treningowy exercise regime
28%
trenować pod okiem profesjonalisty train under professional supervision
28%
zaangażować się w coś get involved in sth
27%
niezwykły extraordinary
26%
wycofywać się z czegoś withdraw from sth
26%
konwencjonalny unadventurous
24%
pozostawać na coś obojętnym remain indifferent to sth
23%
być 1. na mecie come in 1st
13%
Nie znaleziono quizów pasujących do podanych kryteriów
Rozkład punktacji
Procent ludzi z każdym wynikiem
Percentyl według liczby udzielonych odpowiedzi
Twoja historia wyników
Nie rozwiązałeś tego quizu